00801nam a22001815i 4500001000700000003000900007005001700016008004100033080001100074100002200085245021700107260014700324300002100471500002700492650002900519710003000548852004100578178606ES-MaACL20230906220554.0110609s1967 sp |||| | spa d a577.151 aFoz, M. (d1929-)10aEstudio de la actividad glucosa-6-fosfatásica en el suero humano y en los homogeneizados de hígado de ratón / cresumen de la tesis presentada para aspirar al grado de doctor en medicina por Mario Foz Sala. aBarcelona : bUniversidad de Barcelona, Secretariado de Publicaciones, Intercambio Científico y Extensión Universitaria : bIvern, c1967. a16 p. ; c24 cm. aCub. tomada como port.04aEnzimología clínica.2 aUniversidad de Barcelona. aES-MaACLjE-15361 (11) xOlim P-1374